000 nam a22 7a 4500
999 _c50350
_d50350
003 OSt
005 20201216101301.0
008 201216b xxu||||| |||| 00| 0 eng d
040 _cserosoft
100 _akonar, hiralal
245 _aD C DUTTA Textbook of gynecology
300 _a586
942 _2ddc
_c01